000 00957cam a2200253 a 4500
001 15494510
005 20180223071327.0
008 081022s2009 nyua b 001 0 eng
010 _a 2008043957
020 _a0071592083 (alk. paper)
020 _a9780071592086 (alk. paper)
035 _a(OCoLC)263604772
040 _aDLC
_cDLC
_dC#P
_dYDXCP
_dBWX
_dCDX
_dIXA
_dDLC
041 _aeng
080 _a362.1 CHRI
082 0 0 _a362.1 CHRI
_222
100 1 _a58
101 _aBIZ
245 1 4 _aThe innovator's prescription :
_cClayton M. Christensen ; Jerome H. Grossman & Jason Hwang.
504 _aIncludes bibliographical references and index.
906 _a7
_bcbc
_corignew
_d1
_eecip
_f20
_gy-gencatlg
942 _2ddc
_cBK
999 _c43245
_d43245